000 00751nam a2200265Ia 4500
003 OSt
005 20220926011032.0
006 a|||||r|||| 00| 0
007 ta
008 220923b |||||||| |||| 00| 0 eng d
020 _a0132772450
037 _cGeneral Book
040 _aRTL
_cRTL
_beng
041 _2eng
_aeng
082 _aX9(F55).73.N8, M7
100 _aPihog Robert L
_9313442
245 0 _aEnergy economics
_bTheory and policy
260 _aNew Jersey
_bPrentice Hall
_c1987
300 _avii,328p
_ccm.
500 _aBib chapterwise
650 _aFuel
700 _a Stamos Stephen C
_9313443
942 _hX9(F55).73.N8, M7
_cGB
_2CC
999 _c618875
_d618875